000 00639nab a2200181 4500
999 _c372272
_d372272
001 90031
003 OSt
005 20230303142009.0
007 tu
008 110905s2000|||||||
040 _aDE-2950
_cDE-2950
245 0 0 _aPflegekräfte atmen auf.
_bPandemie. Fast drei Jahre lang mussten Angestellte im medizinischen Bereich tagtäglich eine Maske während der Arbeit tragen. Jetzt ist die Schutzmaßnahme ausgelaufen /
_cInes Weber-Rath
264 _c2023
653 _aPandemie / Corona
653 _aMaskenpflicht / Aufhebung
773 0 _g34. Jahrgang (2023) Nr. 52, 02.03.2023, S. 13: Foto
_tMärkische Oderzeitung
942 _2z
_cA